The Seminar of Jacques Lacan : (Record no. 587034)

MARC details
000 -LEADER
fixed length control field 00486nam a2200193 a 4500
008 - FIXED-LENGTH DATA ELEMENTS--GENERAL INFORMATION
fixed length control field 250914s1988##################000#0#eng##
020 ## - INTERNATIONAL STANDARD BOOK NUMBER
ISBN 9780415090544
082 04 - DEWEY DECIMAL CLASSIFICATION NUMBER
Classification number 150.195
Item number MIL
100 1# - MAIN ENTRY--AUTHOR NAME
Personal name Lacan, Jacques,
245 10 - TITLE STATEMENT
Title The Seminar of Jacques Lacan :
260 ## - PUBLICATION, DISTRIBUTION, ETC. (IMPRINT)
Year of publication 1988.
300 ## - PHYSICAL DESCRIPTION
Number of Pages 150 pages
650 #0 - SUBJECT ADDED ENTRY--TOPICAL TERM
Topical Term Psychoanalysis.
942 ## - ADDED ENTRY ELEMENTS (KOHA)
Koha item type English Books
Holdings
Withdrawn status Lost status Damaged status Not for loan Home library Current library Shelving location Date acquired Full call number Accession Number Price effective from Koha item type
        Anna Centenary Library Anna Centenary Library 3RD FLOOR, A WING 15.09.2025 150.195 MIL 177681 15.09.2025 English Books

Find us on the map